| 000 | 01322nam a22003255i 4500 | ||
|---|---|---|---|
| 001 | 162292 | ||
| 003 | ES-MaACL | ||
| 005 | 20251013215429.0 | ||
| 008 | 041110s1803 fr ac |||| | fre d | ||
| 040 |
_aCAM _bspa _cCAM |
||
| 100 | 0 |
_aPlutarco _992678 |
|
| 245 | 1 | 0 |
_aOeuvres mêlées de Plutarque / _ctraduites du grec par Amyot... ; avec des notes et des observations par MM. Brotier et Vauvilliers ; tome quatrième. |
| 250 |
_aNouvelle éd. _brev., corr. et augm. par E. Clavier. |
||
| 260 |
_aA Paris : _bde l'imprimerie de Cussac..., _cAn \RXI\R [1803] |
||
| 300 |
_a[4], 432 p. : _bil. ; _c8º. |
||
| 500 | _aEs el T. XXI de las Oeuvres de Plutarque. | ||
| 595 | _aDato de ed. precede a mención de parte. | ||
| 596 | _aMarca tip. en port. | ||
| 597 | _aSign.: []\p2\s, A-Z\p8\s, 2A-2D\p8\s. | ||
| 597 | _aAntep. | ||
| 599 | _aLas il. xil., medallones con retratos y monumentos. | ||
| 700 | 1 | 1 |
_aAmyot, Jacques, _etrad. _9125662 |
| 700 | 1 | 1 |
_aBrotier, Gabriel, _d1723-1789 _eanot. _9149971 |
| 700 | 1 | 1 |
_aVauvilliers, Jean François, _eanot. _9133574 |
| 700 | 1 | 1 |
_aClavier, Etienne, _d1762-1817 _eed. lit. _9149972 |
| 700 | 1 | 1 |
_aCussac, Jean Baptiste, _eimp. _9223631 |
| 740 | 0 | 1 | _aOeuvres de Plutarque. |
| 852 |
_aES-MaACL _jG-9449 _z-- Enc. pasta española |
||
| 999 |
_c162292 _d162292 |
||